000 00527nam a22002177a 4500
003 UA-OsUOA
001 37607
007 ta
008 20060403b un ||||| |||| 00| 0 ukr d
100 _aЛевицький М.
090 _a32
_bЛ11
942 _cSA
040 _aUA-OsUOA
_bukr
_cUA-OsUOA
_dUA-OsUOA
245 _aЄвропа цікавиться українськими виборами
300 _aС.2
955 _a0
041 _aukr
080 _a32
773 0 _w37606
650 7 _a32 Політика
_2UDC
999 _c323784
_d323784